| 000 | 00642cam a22002291 4500 | ||
|---|---|---|---|
| 001 | l 32000120 | ||
| 003 | DLC | ||
| 005 | 20260227111533.0 | ||
| 008 | 890317s1932 fr 000 0 fre | ||
| 010 | _al 32000120 | ||
| 035 | _a(OCoLC)23411356 | ||
| 040 |
_aDLC _cMiU _dDLC |
||
| 042 | _apremarc | ||
| 043 | _ae-fr--- | ||
| 050 | 0 | 0 |
_aJN2681 _b.E25 |
| 100 | 1 | _aEcheman, Jacques. | |
| 245 | 1 | 4 | _aLes ministères en France de 1914 à 1932. |
| 260 |
_aParis, _bMarcel Rivière, _c1932. |
||
| 300 |
_a3 p.l., [9]-98 p., 3 l. _c25 cm. |
||
| 651 | 0 |
_aFrance _xPolitics and government _y1914-1940. |
|
| 650 | 0 |
_aExecutive departments _zFrance. |
|
| 999 |
_c36067 _d36067 |
||